Municipalities of South Carolina Counties- Greenville - Statistics

General Stats
  • This quiz has been taken 37 times
  • The average score is 4 of 6
Answer Stats
Population (2020) Municipality % Correct
70,720 Greenville
100%
35,308 Greer
85%
23,354 Simpsonville
81%
24,724 Mauldin
70%
7,788 Travelers Rest
63%
10,416 Fountain Inn
48%
No matching quizzes found
Score Distribution
Percent of People with Each Score
Percentile by Number Answered
Your Score History
You have not taken this quiz